00750nam a2200217 i 4500003000900000005001700009007000300026008004100029020001800070040003000088082001700118100005100135245007300186264006000259300002700319336002700346337003300373338002800406490004100434500005700475DO-SdBNP20250527112644.0ta250527b2024 pr ||||| |||| 00| 0 spa d a9789945637571 aDO-SdBNPbspacBNPHUerda 4axxxbxxx222 3aGonzález Rivera, Jeandelize B.,eautor4aut.13aEl tabor del cielo :bmis mujeres /cJeandelize B. González Rivera 4aSan Juan, puerto rico :bEditorial Isla Negra,c©2024. a78 páginas ;c22 cm. atextobtxt2rdacontent asin mediaciónbn2rdamedia avolumenbnc2rdacarrier aColección El Rostro y La Máscara aIncluye datos biográficos del autor en las solapas